Tecnologías de información (Registro nro. 29078)

Detalles MARC
000 -CABECERA
Longitud fija campo de control 00780nam a22002297a 4500
003 - IDENTIFICADOR DELl NÚMERO DE CONTROL
Identificador del número de control OSt
005 - FECHA Y HORA DE LA ÚLTIMA TRANSACCIÓN
Fecha y hora de la última transacción 20180312082248.0
008 - CÓDIGOS DE INFORMACIÓN DE LONGITUD FIJA
Códigos de información de longitud fija 131104b2009 mex spa
020 ## - NÚMERO INTERNACIONAL NORMALIZADO PARA LIBROS
Número Internacional Normalizado para Libros (ISBN) 978-607-15-1214-7
040 ## - FUENTE DE LA CATALOGACIÓN
Centro transcriptor CRI
Lengua de catalogación Spa
082 ## - NÚMERO DE LA CLASIFICACIÓN DECIMAL DEWEY
Númeroo de clasificación 658.04038
100 1# - PUNTO DE ACCESO PRINCIPAL-NOMBRE DE PERSONA
9 (RLIN) 8553
Nombre de persona Cohen Karen, Daniel
245 10 - MENCIÓN DE TÍTULO
Título Tecnologías de información
Resto del título : Estrategias y transformación en los negocios
Mención de responsabilidad, etc. Daniel Cohen Karen, Enrique Asín Lares
250 ## - MENCIÓN DE EDICIÓN
Mención de edición 6ª ed
260 ## - PUBLICACIÓN, DISTRIBUCIÓN, ETC. (PIE DE IMPRENTA)
Lugar de publicación, distribución, etc. México [etc.]
Nombre del editor, distribuidor, etc. McGraw-Hill
Fecha de publicación, distribución, etc. 2014
300 ## - DESCRIPCIÓN FÍSICA
Extensión XVIII, 326 p.
Otras características físicas il.
Dimensiones 23 cm
500 ## - NOTA GENERAL
Nota general Índice: p. [321]-326.
504 ## - NOTA DE BIBLIOGRAFÍA, ETC
Nota de bibliografía, etc. Referencias bibliográficas: p. 320
650 24 - PUNTO DE ACCESO ADICIONAL DE MATERIA - TÉRMINO DE MATERIA
9 (RLIN) 8552
Término de materia o nombre geográfico como elemento inicial Gestión de empresas
Subdivisión de materia general Tecnología de la información
700 1# - PUNTO DE ACCESO ADICIONAL - NOMBRE DE PERSONA
9 (RLIN) 8554
Nombre de persona Asín Lares, Enrique
942 ## - ENTRADA DE ELEMENTOS AGREGADOS (KOHA)
Fuente de clasificaión o esquema Dewey Decimal Classification
Koha [por defecto] tipo de item 1- Monografias
Parte de clasificación prozim
Existencias
Suprimido Perdido Fuente de clasificación o esquema Estropeado Restricciones de uso No para préstamo Código de colección Localización permanente Localización actual Localización en estanter&íacute;as Fecha adquisición Fuente de adquisición Número de inventario Préstamos totales Signatura completa Código de barras Fecha última consulta Fecha del precio de reemplazo Tipo de item de Koha
NULL NULL Dewey Decimal Classification NULL Prestable NULL NULL Biblioteca Centro Regional de Ilobasco Biblioteca Centro Regional de Ilobasco Sala Principal 06/03/2018 CRI LI004010   658.04038 COH tec 1043736 12/03/2018 12/03/2018 1- Monografias
NULL NULL Dewey Decimal Classification NULL Prestable NULL NULL Biblioteca Centro Regional de Ilobasco Biblioteca Centro Regional de Ilobasco Sala Principal 06/03/2018 CRI LI004011   658.04038 COH tec 1043737 12/03/2018 12/03/2018 1- Monografias
NULL NULL Dewey Decimal Classification NULL Prestable NULL NULL Biblioteca Centro Regional de Ilobasco Biblioteca Centro Regional de Ilobasco Sala Principal 06/03/2018 CRI LI004012   658.04038 COH tec 1043738 12/03/2018 12/03/2018 1- Monografias